All Teams to Ever Play a FIFA Women's World Cup - Statistics

General Stats
  • This quiz has been taken 182 times
  • The average score is 26 of 36
Answer Stats
# Top Finish Team % Correct
8 Winner United States
98%
5 3rd place England
96%
8 Runners-up Sweden
96%
8 Winner Japan
95%
7 4th place Canada
94%
8 Winner Norway
94%
8 Runners-up Brazil
93%
8 Winner Germany
93%
7 Runners-up China
91%
4 4th place France
91%
7 Quarters Australia
90%
2 Round 2 Spain
89%
3 Round 1 Mexico
84%
2 Runners-up Netherlands
84%
3 Round 1 Argentina
83%
3 Quarters Italy
83%
5 Round 1 New Zealand
79%
2 Quarters Russia
79%
2 Round 2 Colombia
78%
4 Quarters Denmark
76%
1 Round 2 Switzerland
75%
8 Quarters Nigeria
73%
3 Round 2 South Korea
73%
1 Round 1 Scotland
69%
1 Round 1 Chile
67%
1 Round 1 South Africa
66%
4 Quarters North Korea
54%
2 Round 1 Thailand
52%
2 Round 2 Cameroon
48%
1 Round 1 Jamaica
48%
1 Round 1 Costa Rica
47%
1 Round 1 Ecuador
42%
3 Round 1 Ghana
41%
1 Round 1 Ivory Coast
30%
1 Quarters Chinese Taipei / Taiwan
25%
1 Round 1 Equatorial Guinea
10%
No matching quizzes found
Score Distribution
Percent of People with Each Score
Percentile by Number Answered
Your Score History
You have not taken this quiz